Normal view
MARC view
- Norman, Donald A.,
Entry Nombre Personal
001 - NUMERO DE CONTROL
- campo de control: 29753
003 - IDENTIFICADOR DE NUMERO DE CONTROL
- campo de control: UPN
005 - FECHA Y HORA DE LA ÜLTIMA TRANSACCIÓN
- campo de control: 20210219194406.0
008 - DATOS DE LONGITUD FIJA
- campo de control de longitud fija: nabaccnnaabn|||||||||| b |nc|||||d
035 ## - NUMERO DE CONTROL
- Número de control: UPN11000001859
040 ## - FUENTE DE CATALOGACIÓN
- Lenguaje de catalogación: SPA
- Agencia de transcripción: UPN
100 1# - ENCABEZAMIENTO - NOMBRE PERSONAL
- Nombre personal: Norman, Donald A.,
- Fechas asociadas con el nombre: 1935-
670 ## - FUENTE EN LA QUE SE LOCALIZARON DATOS
- Cita de la fuente: LC
680 ## - NOTA PUBLICA DE ACCESO PÚBLICO
- Frase explicativa de la referencia: Ingeniero eléctrico estadounidense con estudios en ciencias de la computación y doctor en filosofía en psicología matemática
902 ## - CATALOGADOR
- Catalogador: DAA/300708
